000 00330nas a2200133Ia 4500
040 _cIRU
082 _a973 MAC 1896 A087 Or.
245 0 0 _aAmerican historical review
260 _aNew York :
_bMacmillan,
_c1896-
300 _av. :
_bmaps. ;
_c27 cm
650 0 _aHistory
710 2 _aAmerican Historical Association
942 _cEK
999 _c17051
_d17051